Supreme Court on Words, Phrases and Legal Expressions (Record no. 232268)
[ view plain ]
| 000 -LEADER | |
|---|---|
| fixed length control field | 00790nam a22002657a 4500 |
| 005 - DATE AND TIME OF LATEST TRANSACTION | |
| control field | 20241207102526.0 |
| 008 - FIXED-LENGTH DATA ELEMENTS--GENERAL INFORMATION | |
| fixed length control field | 241207b ||||| |||| 00| 0 eng d |
| 020 ## - INTERNATIONAL STANDARD BOOK NUMBER | |
| International Standard Book Number | 9789384746933 |
| 040 ## - CATALOGING SOURCE | |
| Transcribing agency | AL |
| 041 ## - LANGUAGE CODE | |
| Language code of text/sound track or separate title | English |
| 082 ## - DEWEY DECIMAL CLASSIFICATION NUMBER | |
| Edition number | 23 |
| Classification number | 347.54 |
| Item number | GARS |
| 100 ## - MAIN ENTRY--PERSONAL NAME | |
| Personal name | T L Garg and others |
| 100 ## - MAIN ENTRY--PERSONAL NAME | |
| 9 (RLIN) | 188576 |
| 245 ## - TITLE STATEMENT | |
| Title | Supreme Court on Words, Phrases and Legal Expressions |
| Remainder of title | :Vol I |
| 250 ## - EDITION STATEMENT | |
| Edition statement | 2 |
| 260 ## - PUBLICATION, DISTRIBUTION, ETC. | |
| Place of publication, distribution, etc. | Gurgaon |
| Name of publisher, distributor, etc. | Thomson Reuters |
| Date of publication, distribution, etc. | 2016 |
| 300 ## - PHYSICAL DESCRIPTION | |
| Extent | 877 p. |
| Other physical details | HB |
| Dimensions | 23x15 cm. |
| 365 ## - TRADE PRICE | |
| Price type code | 1060 |
| Price amount | ₹1752.00 |
| Currency code | ₹ |
| Unit of pricing | ₹2400.00 |
| Price note | 27% |
| Price effective from | 28-11-2024 |
| 650 ## - SUBJECT ADDED ENTRY--TOPICAL TERM | |
| Topical term or geographic name entry element | Vol 1 (A-D) |
| 9 (RLIN) | 188569 |
| 650 ## - SUBJECT ADDED ENTRY--TOPICAL TERM | |
| Topical term or geographic name entry element | Judicially defined |
| 9 (RLIN) | 188570 |
| 650 ## - SUBJECT ADDED ENTRY--TOPICAL TERM | |
| Topical term or geographic name entry element | 1950-2015 |
| 9 (RLIN) | 188571 |
| 700 ## - ADDED ENTRY--PERSONAL NAME | |
| Personal name | GARG (T L) |
| 9 (RLIN) | 188572 |
| 700 ## - ADDED ENTRY--PERSONAL NAME | |
| Personal name | GARG (Rohan) |
| 9 (RLIN) | 188573 |
| 700 ## - ADDED ENTRY--PERSONAL NAME | |
| Personal name | BHANDARI (Dalveer) |
| 9 (RLIN) | 188574 |
| 942 ## - ADDED ENTRY ELEMENTS (KOHA) | |
| Source of classification or shelving scheme | Dewey Decimal Classification |
| Koha item type | Reference |
| Withdrawn status | Lost status | Source of classification or shelving scheme | Damaged status | Not for loan | Collection code | Home library | Current library | Date acquired | Source of acquisition | Cost, normal purchase price | Total Checkouts | Full call number | Barcode | Date last seen | Cost, replacement price | Price effective from | Koha item type |
|---|---|---|---|---|---|---|---|---|---|---|---|---|---|---|---|---|---|
| Dewey Decimal Classification | Law | St Aloysius Law Library | St Aloysius Law Library | 12/05/2024 | MPP House,Bengaluru | 1752.00 | 347.54 GARS | LL000921 | 12/07/2024 | 2400.00 | 12/07/2024 | Reference |